| 000 -LEADER |
| fixed length control field |
00543nam a22001457a 4500 |
| 008 - FIXED-LENGTH DATA ELEMENTS--GENERAL INFORMATION |
| fixed length control field |
250829b ||||| |||| 00| 0 eng d |
| 020 ## - INTERNATIONAL STANDARD BOOK NUMBER |
| International Standard Book Number |
9780008582043 |
| 082 ## - DEWEY DECIMAL CLASSIFICATION NUMBER |
| Classification number |
823.92 GOL |
| 100 ## - MAIN ENTRY--PERSONAL NAME |
| Personal name |
GOLD,HANNAH |
| Relator term |
AUTHOR |
| Language of a work |
ENGLISH |
| 245 ## - TITLE STATEMENT |
| Title |
FINDING BEAR |
| 260 ## - PUBLICATION, DISTRIBUTION, ETC. |
| Place of publication, distribution, etc. |
MACKEN HOUSE,39/40 MAYOR STREET UPPER,DUBLIN 1,D01 C9W8,IRELAND |
| Name of publisher, distributor, etc. |
HarperCollins Children's Book |
| Date of publication, distribution, etc. |
2025 |
| 300 ## - PHYSICAL DESCRIPTION |
| Extent |
366 pages |
| Other physical details |
colour illustration |
| 500 ## - GENERAL NOTE |
| General note |
If you have a soft spot for animals and your heart is able to take the emotions.This will be a good read! |
| 942 ## - ADDED ENTRY ELEMENTS (KOHA) |
| Source of classification or shelving scheme |
|